000 00408nam a2200181Ia 4500
001 3778
005 20260306145708.0
008 260306t2010||||xx |||||||||||||| ||spa||
041 _aESP
082 _a303.4
_bB28
100 _aBauman, Zygmunt
_eAUT
245 0 _aModernidad líquida
260 _c2010
300 _a232 páginas :
_c23 cm
650 _aGEN
654 _aCHU
942 _cLIB
_dJUS
_fJUS
_2ddc
_n
999 _c3778
_d3778